000 00777cam a22002773a 4500
001 611
003 PGUSA
005 20140828082950.0
008 960801s1996||||xxu|||||s|||||000 1 eng d
040 _aPGUSA
_beng
042 _adc
050 4 _aPR
100 1 _aBuchan, John,
_d1875-1940
245 1 0 _aPrester John
_h[electronic resource] /
_cJohn Buchan
260 _bProject Gutenberg,
_c1996
506 _aPublic domain in the USA.
516 _aElectronic text
653 _aAdventure stories
653 _aZulu (African people) -- Fiction
653 _aSouth Africa -- Fiction
653 _aScots -- South Africa -- Fiction
653 _aClergy -- Fiction
830 0 _aProject Gutenberg
_v611
856 4 0 _uhttp://www.gutenberg.org/ebooks/611
942 _cEB
999 _c229962
_d229962